000
00331 a2200157 4500
001
14340
020
_a
9788589059213
040
_c
Anchieta - Aquarius
100
_a
Guerra, Enéas
240
1
0
_a
Vaporzinho
_l
por
245
1
0
_a
Vaporzinho
300
_a
36
362
0
_a
2009
650
4
_a
Literatura infanto-juvenil
942
_c
BK
999
_c
14340
_d
14340